Statistics for Countries the US has been at war with

Click here to take the quiz!

General Stats

  • This quiz has been taken 31 times
  • The average score is 32 of 60

Answer Stats

WarsYearsCountries% Correct
American Revolutionary War(1775–1783)Britain
100%
War of 1812(1812–1815)Britain
74%
World War I -aka-The Great War(1914–1918)Central Powers
74%
Bay of Pigs Invasion(1961)Cuba
74%
Bombing of Libya(1986)Libya
74%
Mexican–American War(1846–1848)Mexico
74%
Korean War(1950–1953)North Korea
74%
Vietnam War(1955-1975)North vietnam
74%
Invasion of Panama(1989–1990)Panama
74%
Russian Civil War(1918–1920)Russian SFSR
74%
World War ll(1939–1945)Axis Powers
70%
Iraq War(2003-2011)Ba'ath Loyalists
70%
Occupation of the Dominican Republic(1916–1924)Dominican Rebels
70%
Intervention in Haiti(1994–1995)Haiti
70%
2003 invasion of Iraq(2003)Iraq
70%
Gulf War(1990-1991)Iraq
70%
Iraqi No-Fly Zone Enforcement Operations(1991–2003)Iraq
70%
Korea expedition(1871)Joseon Dynasty
70%
International intervention in Libya(2011)Libya
70%
Texas Revolution(1835–1836)Mexican republic
70%
Korean DMZ Conflict(1966–1969)North Korea
70%
Invasion of Grenada(1983)PRG of Grenada
70%
First U.S. Intervention in the Somali Civil War(1992–1995)Somali National Alliance
70%
Spanish–American War(1898)Spain
70%
War in North-West Pakistan(2004–present)Tehrik-i-Taliban Pakistan
70%
Second U.S. Intervention in the Somali Civil War(2007-Present)Al-Shabaab Hizbul Islam
67%
American Civil War(1861–1865)Confederate States
67%
Dominican Civil War(1965–1966)Dominican Constitutionalists
67%
Second Fiji expedition(1859)Fiji
67%
Border War(1910–1919)Germany / Mexico
67%
American intervention in Libya(2015-Present)Islamic State in Libya
67%
American-led intervention in Iraq(2014-Present)Islamic State of Iraq and Syria
67%
Multinational Intervention in Lebanon(1982–1984)Lebanese National Movement
67%
Philippine–American War(1899–1902)Philippine Republic
67%
Communist insurgency in Thailand(1965–1983)Communist Party of Thailand
63%
Cambodian Civil War(1967–1975)National United Front of Kampuchea
63%
Occupation of Veracruz(1914)Mexico
59%
War in Afghanistan(2001-Present)Taliban
59%
Tobruk encounter(1989)Libya
56%
Ivory Coast expedition(1842)Ivory coast
52%
Northwest Indian War(1785–1793)Britain
48%
American-led intervention in the Syrian Civil War(2014-Present)ISIS
48%
Kosovo War(1998–1999)FR Yugoslavia
41%
Quasi-War(1798–1800)France
37%
Second Opium War(1856–1859)Qing Dynasty
33%
Boxer Rebellion(1899–1901)China (boxers)
30%
Second Barbary War(1815)Ottoman Empire
30%
First Barbary War(1801–1805)Ottoman Empire
30%
Gulf of Sidra encounter(1981)Libya
26%
Action in the Gulf of Sidra(1986)Libya
26%
Second Samoan Civil War(1898–1899)Germany
19%
Aroostook War(1838)Britain
15%
First Seminole War(1817–1818)Spanish controlled Florida
15%
Yemeni Civil War(2015-Present)Supreme Political Council
11%
Operation Infinite Reach(1998)aL-Qaeda
7%
Insurgency in Bolivia(1966–1967)Cuba
4%
Laotian Civil War(1953–1975)Pathet Lao
4%
Bosnian War(1992–1995)Republika Srpska
4%
Operation Observant Compass(2011-2017)Lord's Resistance Army
0%
Simba rebellion, Operation Dragon Rouge(1963-1965)Uganda
0%

Score Distribution

Percentile by Number Answered

Percent of People with Each Score

Your Score History

You have not taken this quiz